The White Lotus. The complete third season / HBO ; ... Read More
Available copies
- 5 of 5 copies available at LARL/NWRL Consortium. (Show)
- 2 of 2 copies available at Northwest Regional Library.
Current holds
0 current holds with 5 total copies.
Show Only Available Copies
| Location | Call Number / Copy Notes | Barcode | Shelving Location | Status | Due Date |
|---|---|---|---|---|---|
| Red Lake Falls Public Library | DVD WHI (Text) | 35500006392920 | Main | Available | - |
| Thief River Falls Public Library | DVD WHI (Text) | 35500006392870 | Main | Available | - |
Record details
- Physical Description: 3 videodiscs (514 min.) : sound, color ; 4 3/4 in.
- Publisher: [New York, NY] : Home Box Office, [2025]
- Distributor: [Burbank, California] : Warner Bros. Home Entertainment, [2025]
- Copyright: ©2025
Content descriptions
| General Note: | Originally broadcast as single episodes of a television program in 2025. Wide screen. Special features: Invitation to set, welcome to Thailand; Thai tea; Closet tour, unpacking each ... Read More |
| Formatted Contents Note: | Disc 1. Same spirits, new forms ; Special ... Read More |
| Creation/Production Credits Note: | Costume designer, Alex Bovaird ; edited by John M. ... Read More |
| Participant or Performer Note: | Leslie Bibb, Carrie Coon, Walton Goggins, Sarah ... Read More |
| Summary, etc.: | "Taking place over one eventful week, season 3 of ... Read More |
| Target Audience Note: | Rating: Not rated. CHV Rating: 14A. |
| System Details Note: | DVD; region 1; wide screen (1.78:1); Dolby Digital ... Read More |
| Language Note: | English dialogue; English subtitles for the deaf ... Read More |
| Source of Description Note: | Title from disc surface; credits from title and ... Read More |
Search for related items by subject
| Subject: | Resorts > Drama. Vacations > Drama. Rich people > Drama. Service industries workers > Drama. Thailand > Drama. |
| Genre: | Dark comedy television programs. Fiction television programs. Television series. Video recordings for the hearing impaired. |
Search for related items by series
| LDR | 06605cgm a2201237 i 4500 | ||
|---|---|---|---|
| 001 | 463384 | ||
| 003 | LARL_NWRL_CONSORTIUM | ||
| 005 | 20250910170243.0 | ||
| 008 | 250707t20252025nyu514 vleng d | ||
| 007 | vd cvaizq | ||
| 040 | . | ‡aTEFMT ‡beng ‡erda ‡cTEFMT ‡dTEF ‡dOCLCO ‡dIK2 ‡dINO ‡dJBU ‡dIUK ‡dIZ8 | |
| 024 | 1 | . | ‡a883929838455 |
| 028 | 4 | 2. | ‡a1000855009 ‡bHome Box Office |
| 028 | 4 | 2. | ‡a3000100820 ‡bHome Box Office ‡q(container) |
| 028 | 4 | 2. | ‡a2000189710 ‡bHome Box Office ‡q(disc 1) |
| 028 | 4 | 2. | ‡a2000189711 ‡bHome Box Office ‡q(disc 2) |
| 028 | 4 | 2. | ‡a2000189712 ‡bHome Box Office ‡q(disc 3) |
| 035 | . | ‡a(OCoLC)1527084335 | |
| 037 | . | ‡bMidwest Tape ‡nhttp://www.midwesttapes.com | |
| 041 | 0 | . | ‡aeng ‡peng ‡heng |
| 043 | . | ‡aa-th--- | |
| 046 | . | ‡k2025 ‡2edtf | |
| 082 | 0 | 4. | ‡a791.45/75 ‡223/eng/20250715 |
| 130 | 0 | . | ‡aWhite Lotus (Television program). ‡nSeason 3. |
| 245 | 1 | 4. | ‡aThe White Lotus. ‡pThe complete third season / ‡cHBO ; producer, John M. Valerio, Todd Brown ; created by Mike White ; written & directed by Mike White ; Middle Child ; Rip Cord. |
| 264 | 1. | ‡a[New York, NY] : ‡bHome Box Office, ‡c[2025] | |
| 264 | 2. | ‡a[Burbank, California] : ‡bWarner Bros. Home Entertainment, ‡c[2025] | |
| 264 | 4. | ‡c©2025 | |
| 300 | . | ‡a3 videodiscs (514 min.) : ‡bsound, color ; ‡c4 3/4 in. | |
| 306 | . | ‡a083400 | |
| 336 | . | ‡atwo-dimensional moving image ‡btdi ‡2rdacontent | |
| 337 | . | ‡avideo ‡bv ‡2rdamedia | |
| 338 | . | ‡avideodisc ‡bvd ‡2rdacarrier | |
| 340 | . | ‡b4 3/4 in. | |
| 340 | . | ‡gpolychrome ‡2rdacc | |
| 341 | 0 | . | ‡aauditory ‡bclosedCaptions ‡2sapdv |
| 344 | . | ‡adigital ‡2rdatr | |
| 344 | . | ‡boptical ‡2rdarm | |
| 344 | . | ‡gsurround ‡2rdacpc | |
| 344 | . | ‡hDolby digital 5.1 | |
| 344 | . | ‡isound ‡2rdasco | |
| 345 | . | ‡c1.78:1 | |
| 345 | . | ‡dwide screen ‡2rdaar | |
| 346 | . | ‡bNTSC ‡2rdabs | |
| 347 | . | ‡avideo file ‡2rdaft | |
| 347 | . | ‡bDVD video | |
| 347 | . | ‡eregion 1 ‡2rdare | |
| 380 | . | ‡aTelevision programs ‡2lcgft | |
| 490 | 0 | . | ‡aWhite Lotus ; ‡vSeason 3 |
| 538 | . | ‡aDVD; region 1; wide screen (1.78:1); Dolby Digital 5.1. | |
| 546 | . | ‡aEnglish dialogue; English subtitles for the deaf and hard of hearing (SDH). | |
| 532 | 1 | . | ‡aEnglish subtitles for the deaf and hard of hearing (SDH) |
| 588 | 0 | . | ‡aTitle from disc surface; credits from title and end credit frames. |
| 511 | 1 | . | ‡aLeslie Bibb, Carrie Coon, Walton Goggins, Sarah Catherine Hook, Jason Isaacs, Lalisa Manobal, Michelle Monaghan, Sam Nivola, Lek Patravadi, Parker Posey, Natasha Rothwell, Patrick Schwarzenegger, Tayme Thapthimthong, Aimee Lou Wood. |
| 508 | . | ‡aCostume designer, Alex Bovaird ; edited by John M. Valerio, Scott Turner, Kyle Traynor ; production designer, Cristina Onori ; director of photography, Ben Kutchins ; music by Cristobal Tapia de Veer. | |
| 500 | . | ‡aOriginally broadcast as single episodes of a television program in 2025. | |
| 500 | . | ‡aWide screen. | |
| 521 | 8 | . | ‡aRating: Not rated. |
| 521 | 8 | . | ‡aCHV Rating: 14A. |
| 520 | . | ‡a"Taking place over one eventful week, season 3 of The White Lotus follows the guests and employees of a luxury spa and wellness sanctuary in Thailand as they grapple with spirituality, secrets, self-discovery, revenge and death while on their unique journey toward finding peace."-- ‡cContainer. | |
| 500 | . | ‡aSpecial features: Invitation to set, welcome to Thailand; Thai tea; Closet tour, unpacking each episode; Get to know the characters. | |
| 505 | 0 | 0. | ‡gDisc 1. ‡tSame spirits, new forms ; ‡tSpecial treatments ; ‡tThe meaning of dreams; ‡tspecial features -- ‡gDisc 2. ‡tHide or seek ; ‡tFull-moon party ; ‡tDenials ; ‡tspecial features -- ‡gDisc 3. ‡tKiller instincts ; ‡tAmor fati ; special features. |
| 650 | 0. | ‡aResorts ‡vDrama. | |
| 650 | 0. | ‡aVacations ‡vDrama. | |
| 650 | 0. | ‡aRich people ‡vDrama. ‡0(LARL_NWRL_CONSORTIUM)174690 | |
| 650 | 0. | ‡aService industries workers ‡vDrama. | |
| 651 | 0. | ‡aThailand ‡vDrama. | |
| 655 | 7. | ‡aDark comedy television programs. ‡2lcgft | |
| 655 | 7. | ‡aFiction television programs. ‡2lcgft ‡0(LARL_NWRL_CONSORTIUM)175627 | |
| 655 | 7. | ‡aTelevision series. ‡2lcgft ‡0(LARL_NWRL_CONSORTIUM)175797 | |
| 655 | 7. | ‡aVideo recordings for the hearing impaired. ‡2lcgft ‡0(LARL_NWRL_CONSORTIUM)175744 | |
| 700 | 1 | . | ‡aWhite, Mike, ‡d1970- ‡ecreator, ‡escreenwriter, ‡etelevision director. ‡1https://id.oclc.org/worldcat/entity/E39PBJxhhmMR4RKQfYXQbVfH4q ‡0(LARL_NWRL_CONSORTIUM)148048 |
| 700 | 1 | . | ‡aValerio, John M., ‡etelevision producer, ‡eeditor of moving image work. |
| 700 | 1 | . | ‡aBrown, Todd ‡c(Television producer), ‡etelevision producer. |
| 700 | 1 | . | ‡aBibb, Leslie, ‡eactor. ‡1https://id.oclc.org/worldcat/entity/E39PBJhxtfCqGGq6mDtHb8Pfbd ‡0(LARL_NWRL_CONSORTIUM)211993 |
| 700 | 1 | . | ‡aCoon, Carrie, ‡d1981- ‡eactor. ‡1https://id.oclc.org/worldcat/entity/E39PBJpjdPQWWHyBBCvPr6FHYP |
| 700 | 1 | . | ‡aGoggins, Walton, ‡d1971- ‡eactor. ‡1https://id.oclc.org/worldcat/entity/E39PBJtmpbfchhfMWPQmjrJkXd ‡0(LARL_NWRL_CONSORTIUM)213738 |
| 700 | 1 | . | ‡aHook, Sarah Catherine, ‡eactor. |
| 700 | 1 | . | ‡aIsaacs, Jason, ‡d1963- ‡eactor. ‡1https://id.oclc.org/worldcat/entity/E39PBJgxpwjhW7p7pR4pKrHjYP ‡0(LARL_NWRL_CONSORTIUM)148426 |
| 700 | 0 | . | ‡aLisa, ‡d1997- ‡eactor. |
| 700 | 1 | . | ‡aMonaghan, Michelle, ‡eactor. ‡1https://id.oclc.org/worldcat/entity/E39PBJrwVr64WGRqHq3BPPJqwC ‡0(LARL_NWRL_CONSORTIUM)208257 |
| 700 | 1 | . | ‡aNivola, Sam, ‡eactor. |
| 700 | 1 | . | ‡aMejudhon, Patravadi, ‡eactor. |
| 700 | 1 | . | ‡aPosey, Parker, ‡d1968- ‡eactor. ‡1https://id.oclc.org/worldcat/entity/E39PBJbtqB7WybTdK9Pxmm3RKd ‡0(LARL_NWRL_CONSORTIUM)151649 |
| 700 | 1 | . | ‡aRothwell, Natasha, ‡d1980- ‡eactor. ‡1https://id.oclc.org/worldcat/entity/E39PBJjtbVRRfPhmMBbFXwYpT3 |
| 700 | 1 | . | ‡aSchwarzenegger, Patrick, ‡d1993- ‡eactor. ‡1https://id.oclc.org/worldcat/entity/E39PBJhmJkmcb4P9jfTjyhbcfq |
| 700 | 1 | . | ‡aThapthimthong, Tayme, ‡eactor. |
| 700 | 1 | . | ‡aWood, Aimee Lou, ‡d1995- ‡eactor. |
| 700 | 1 | . | ‡aBovaird, Alex, ‡ecostume designer. |
| 700 | 1 | . | ‡aTurner, Scott ‡c(Film editor), ‡eeditor of moving image work. |
| 700 | 1 | . | ‡aTraynor, Kyle, ‡eeditor of moving image work. |
| 700 | 1 | . | ‡aOnori, Cristina, ‡eproduction designer. |
| 700 | 1 | . | ‡aKutchins, Ben, ‡edirector of photography. ‡1https://id.oclc.org/worldcat/entity/E39PCjHdTGPYBdm4Ywj7dkVCFC |
| 700 | 1 | . | ‡aDe Veer, Cristobal Tapia, ‡d1973- ‡ecomposer (expression) ‡1https://id.oclc.org/worldcat/entity/E39PBJtH4QYHRT3PXPpKhCXDbd |
| 710 | 2 | . | ‡aHome Box Office (Firm), ‡epublisher, ‡eproduction company. ‡0(LARL_NWRL_CONSORTIUM)72294 |
| 710 | 2 | . | ‡aMiddle Child Pictures (Firm), ‡eproduction company. |
| 710 | 2 | . | ‡aRip Cord Productions (Firm), ‡eproduction company. |
| 710 | 2 | . | ‡aWarner Bros. Home Entertainment (Firm), ‡edistributor. |
| 901 | . | ‡a463384 ‡bOCoLC ‡c463384 ‡tbiblio ‡soclc | |

Add to basket
Permalink
Disable Highlighting